Klassifikation der geschlossenen orientierten zweidimensionalen Ähnlichkeitsmannigfaltigkeiten Dissertation

Uložené v:
Podrobná bibliografia
Hlavný autor: Zastrow, Andreas
Médium: Kniha
Jazyk:German
Vydavateľské údaje: Bochum Ruhr-Universität 1989
Vydanie:1. Aufl.
Tagy: Pridať tag
Žiadne tagy, Buďte prvý, kto otaguje tento záznam!

MARC

LEADER 00000nam a2200000 4500
001 c025607
005 20221215124559.5
041 0 |a ger 
044 |a DE 
245 1 0 |a Klassifikation der geschlossenen orientierten zweidimensionalen Ähnlichkeitsmannigfaltigkeiten  |b Dissertation  |c Andreas Zastrow 
250 |a 1. Aufl. 
264 1 |a Bochum  |b Ruhr-Universität  |c 1989 
300 |a 123 s. 
100 1 |a Zastrow, Andreas